[Event "Hamburg St Pauli op-B"]
[Site "Hamburg"]
[Date "2011.07.09"]
[Round "1"]
[White "Haugwitz, Steffen"]
[Black "Burianek, Daniel"]
[Result "1/2-1/2"]
[WhiteElo "1504"]
[BlackElo "1787"]
[PlyCount "65"]
[EventDate "2011.07.09"]
[EventType "swiss"]
[EventRounds "9"]
[EventCountry "GER"]
[SourceTitle "CBM 143 Extra"]
[Source "ChessBase"]
[SourceDate "2011.08.29"]
[SourceVersion "1"]
[SourceVersionDate "2011.08.29"]
[SourceQuality "1"]

1. e4 e5 2. Nf3 Nf6 3. Nc3 Bb4 4. Bc4 d6 5. d3 Be6 6. Bb3 Nbd7 7. Bd2 c6 8. 0-0 0-0 9. Ng5 Bg4 10. f3 Bh5 11. g4 Bg6 12. f4 exf4 13. Bxf4 Ne5 14. Bxe5 dxe5 15. Qf3 h6 16. Nh3 Qd4+ 17. Rf2 h5 18. Kh1 Nxg4 19. Rg2 Kh8 20. Rxg4 hxg4 21. Qxg4 Be7 22. Rg1 Bf6 23. Ng5 Qd8 24. Qh3+ Kg8 25. Nf3 Bh7 26. Qh5 Kh8 27. Nxe5 Bxe5 28. Qxe5 Qf6 29. Qc7 Qf3+ 30. Rg2 Qf1+ 31. Rg1 Qf3+ 32. Rg2 Qf1+ 33. Rg1 1/2-1/2

[Event "Kiel op 22nd"]
[Site "Kiel"]
[Date "2009.08.04"]
[Round "6"]
[White "Burianek, Daniel"]
[Black "Schecke, Rainer"]
[Result "1-0"]
[WhiteElo "1716"]
[BlackElo "1519"]
[PlyCount "40"]
[EventDate "2009.08.01"]
[EventType "swiss"]
[EventRounds "7"]
[EventCountry "GER"]
[SourceTitle "EXT 2010"]
[Source "ChessBase"]
[SourceDate "2010.11.25"]
[SourceVersion "1"]
[SourceVersionDate "2010.11.25"]
[SourceQuality "1"]

1. e4 c5 2. c3 d5 3. exd5 Qxd5 4. d4 cxd4 5. cxd4 e5 6. Nf3 Bb4+ 7. Bd2 Bxd2+ 8. Qxd2 Qe4+ 9. Be2 exd4 10. 0-0 Qd5 11. Nc3 Qc5 12. Nb5 Na6 13. Rac1 Qb6 14. Rfe1 Ne7 15. Bc4 Be6 16. Bxe6 fxe6 17. Nfxd4 Rd8 18. Qe3 Nd5 19. Qxe6+ Qxe6 20. Nxe6 Rd7 1-0

[Event "Kiel op 22nd"]
[Site "Kiel"]
[Date "2009.08.01"]
[Round "1"]
[White "Magnussen, Helge"]
[Black "Burianek, Daniel"]
[Result "1-0"]
[WhiteElo "2056"]
[BlackElo "1716"]
[PlyCount "65"]
[EventDate "2009.08.01"]
[EventType "swiss"]
[EventRounds "7"]
[EventCountry "GER"]
[SourceTitle "EXT 2010"]
[Source "ChessBase"]
[SourceDate "2010.11.25"]
[SourceVersion "1"]
[SourceVersionDate "2010.11.25"]
[SourceQuality "1"]

1. d4 Nf6 2. c4 e6 3. Nc3 Bb4 4. e3 c5 5. Nge2 Ne4 6. Qc2 f5 7. g3 b6 8. Bg2 Bb7 9. 0-0 d5 10. Nxe4 dxe4 11. a3 Ba5 12. b4 cxb4 13. axb4 Bxb4 14. Qa4+ Nc6 15. d5 exd5 16. Rd1 Qd7 17. cxd5 Rd8 18. Bb2 Ne7 19. Qxb4 Nxd5 20. Qd4 a5 21. Qxg7 Qxg7 22. Bxg7 Rg8 23. Bd4 Ke7 24. Rdb1 Rg6 25. Ra3 Ba6 26. Nc3 Nb4 27. Bf1 Bd3 28. Bxd3 exd3 29. Na2 Nxa2 30. Rxa2 Kd7 31. Rxb6 Rxb6 32. Bxb6 Kc6 33. Bxd8 1-0